Talking right : how conservatives turned liberalism into a tax-raising, latte-drinking, sushi-eating, Volvo-driving, New York times-reading, body-piercing, Hollywood-loving, left-wing freak show /

Bibliographic Details
Main Author: Nunberg, Geoffrey, 1945-2020
Format: Book
Language:English
Published: New York : PublicAffairs, [2006]
Edition:1st ed.
Subjects:

MARC

Tag First Indicator Second Indicator Subfields
LEADER 00000cam a2200000 a 4500
001 in00002183513
005 20210130063257.0
008 060324s2006 nyua b 001 0 eng
010 |a  2006043788 
020 |a 1586483862 
024 3 |a 9781586483869 
035 |a (OCoLC)ocm67346269 
040 |a DLC  |c DLC  |d BAKER  |d C#P  |d UtOrBLW 
043 |a n-us--- 
049 |a TXAM 
050 0 0 |a PE2809  |b .N87 2006 
082 0 0 |a 306.440973  |2 22 
100 1 |a Nunberg, Geoffrey,  |d 1945-2020. 
245 1 0 |a Talking right :  |b how conservatives turned liberalism into a tax-raising, latte-drinking, sushi-eating, Volvo-driving, New York times-reading, body-piercing, Hollywood-loving, left-wing freak show /  |c Geoffrey Nunberg. 
250 |a 1st ed. 
264 1 |a New York :  |b PublicAffairs,  |c [2006] 
264 4 |c ©2006 
300 |a vi, 264 pages :  |b illustrations ;  |c 25 cm. 
336 |a text  |b txt  |2 rdacontent 
337 |a unmediated  |b n  |2 rdamedia 
338 |a volume  |b nc  |2 rdacarrier 
504 |a Includes bibliographical references (pages 213-254) and index. 
650 0 |a English language  |x Political aspects  |z United States. 
650 0 |a English language  |x Social aspects  |z United States. 
650 0 |a English language  |z United States  |x Semantics. 
650 0 |a English language  |z United States  |x Usage. 
650 0 |a Political science  |v Terminology. 
938 |a Baker & Taylor  |b BKTY  |c 26.00  |d 19.50  |i 1586483862  |n 0006615367  |s active 
945 |i PromptCat 
947 |a A14834352622 
948 |a cataloged  |b h  |c 2006/8/14  |d c  |e achopde  |f 12:23:44 pm 
994 |a 92  |b TXA 
999 |a MARS 
999 f f |s b3909fad-37ba-359e-b239-aa686b5b8d61  |i 0447b586-43f0-38a8-a388-28fc41327a6b  |t 0 
952 f f |p ric  |a Texas A&M University  |b Rellis Campus  |c Joint Library Facility  |s JLF  |d Remote Storage  |t 0  |e PE2809 .N87 2006  |h Library of Congress classification  |i unmediated -- volume  |m A14834352622 
998 f f |a PE2809 .N87 2006  |t 0  |l Remote Storage